<?xml version="1.0" encoding="UTF-8"?><?xml-stylesheet type="text/xsl" href="static/style.xsl"?><OAI-PMH xmlns="http://www.openarchives.org/OAI/2.0/" xmlns:xsi="http://www.w3.org/2001/XMLSchema-instance" xsi:schemaLocation="http://www.openarchives.org/OAI/2.0/ http://www.openarchives.org/OAI/2.0/OAI-PMH.xsd"><responseDate>2026-06-06T04:19:36Z</responseDate><request verb="GetRecord" identifier="oai:riuma.uma.es:10630/15694" metadataPrefix="marc">https://riuma.uma.es/rest/oai/request</request><GetRecord><record><header><identifier>oai:riuma.uma.es:10630/15694</identifier><datestamp>2026-02-03T12:28:29Z</datestamp><setSpec>com_10630_2254</setSpec><setSpec>col_10630_37959</setSpec></header><metadata><record xmlns="http://www.loc.gov/MARC21/slim" xmlns:dcterms="http://purl.org/dc/terms/" xmlns:doc="http://www.lyncode.com/xoai" xmlns:xsi="http://www.w3.org/2001/XMLSchema-instance" xsi:schemaLocation="http://www.loc.gov/MARC21/slim http://www.loc.gov/standards/marcxml/schema/MARC21slim.xsd">
   <leader>00925njm 22002777a 4500</leader>
   <datafield ind2=" " ind1=" " tag="042">
      <subfield code="a">dc</subfield>
   </datafield>
   <datafield ind2=" " ind1=" " tag="720">
      <subfield code="a">Gordo Puertas, Elisa</subfield>
      <subfield code="e">author</subfield>
   </datafield>
   <datafield ind2=" " ind1=" " tag="720">
      <subfield code="a">Cañete-Hidalgo, Sergio Andrés</subfield>
      <subfield code="e">author</subfield>
   </datafield>
   <datafield ind2=" " ind1=" " tag="720">
      <subfield code="a">Dueñas-Buey, Mª Concepción</subfield>
      <subfield code="e">author</subfield>
   </datafield>
   <datafield ind2=" " ind1=" " tag="720">
      <subfield code="a">López-Gordillo, Francisco Javier</subfield>
      <subfield code="e">author</subfield>
   </datafield>
   <datafield ind2=" " ind1=" " tag="720">
      <subfield code="a">Carmona-Fernández, Raquel</subfield>
      <subfield code="e">author</subfield>
   </datafield>
   <datafield ind2=" " ind1=" " tag="720">
      <subfield code="a">Liger-Pérez, Esperanza</subfield>
      <subfield code="e">author</subfield>
   </datafield>
   <datafield ind2=" " ind1=" " tag="720">
      <subfield code="a">Pastor-Vega, José Manuel</subfield>
      <subfield code="e">author</subfield>
   </datafield>
   <datafield ind2=" " ind1=" " tag="720">
      <subfield code="a">Pérez-Martínez, Manuel</subfield>
      <subfield code="e">author</subfield>
   </datafield>
   <datafield ind2=" " ind1=" " tag="720">
      <subfield code="a">Ruiz-Cruces, Rafael</subfield>
      <subfield code="e">author</subfield>
   </datafield>
   <datafield ind2=" " ind1=" " tag="260">
      <subfield code="c">2018-05-11</subfield>
   </datafield>
   <datafield ind2=" " ind1=" " tag="520">
      <subfield code="a">Seaweeds are known to be useful environmental bioindicators since they bioaccumulate radioisotopes at&#xd;
very low environmental concentrations. Levels of natural radionuclides in six ecologically relevant brown&#xd;
and red seaweed species from Arctic coasts (Kongsfjorden, Spitsbergen, Svalbard Islands) were analysed&#xd;
in the present study, in order to characterise the levels of natural radioactivity in this ecosystem and to&#xd;
compare this with previously published data in coastal areas from other latitudes. Thalli were collected by&#xd;
SCUBA divers at different depths in Hansneset in September 2014 and transported immediately to the&#xd;
laboratory. Young thalli, free from macroscopic epibiota, were dried, powdered and confined in a standard&#xd;
geometry before gamma spectrometry measurements. Then, the radioactivity of 7Be, 40K, 208Tl, 210Pb, 212Pb,&#xd;
226Ra and 228Ra was measured by high-resolution gamma spectrometry using high-purity germanium&#xd;
detectors for 172800 s. Detectors were calibrated using a traceable multi gamma standard source and results&#xd;
are on a dry weight and fresh weight basis and are decay corrected to the date of sampling. Our results&#xd;
revealed the influence of cosmogenic radionuclides in the intertidal zone, as shown by the unique presence&#xd;
of 7Be in the brown macroalga Fucus distichus, the only analysed species inhabiting the intertidal. High&#xd;
concentrations of 40K were observed in all species, as this is one of the essential elements in biota.&#xd;
Remarkably is the high content of 210Pb in the red seaweeds Phycodrys rubens and Ptilota gunneri,&#xd;
suggesting that these species might possess a higher capacity for heavy metals bioaccumulation than the&#xd;
analysed brown seaweeds.</subfield>
   </datafield>
   <datafield ind1="8" ind2=" " tag="024">
      <subfield code="a">https://hdl.handle.net/10630/15694</subfield>
   </datafield>
   <datafield tag="653" ind2=" " ind1=" ">
      <subfield code="a">Algas - Regiones árticas</subfield>
   </datafield>
   <datafield tag="653" ind2=" " ind1=" ">
      <subfield code="a">Isótopos radioactivos</subfield>
   </datafield>
   <datafield ind2="0" ind1="0" tag="245">
      <subfield code="a">Radionuclides in arctic marine macroalgae from Kongsfjorden (Svalbard)</subfield>
   </datafield>
</record>
</metadata></record></GetRecord></OAI-PMH>